[Event "E Grand Prix"]
[Site "Jerusalem"]
[Date "2019.12.21"]
[Round "28.1"]
[White "Wei, Yi"]
[Black "Nepomniachtchi, Ian"]
[Result "0-1"]
[WhiteElo "2725"]
[BlackElo "2767"]
[EventDate "2019.??.??"]
[Annotator "Bojkov,Dejan"]
[PlyCount "192"]
[Beauty "4606436327487"]
[EventType "game"]
[EventCountry "ISR"]

1.Nf3 Nf6 2.c4 c5 3.Nc3 Nc6 4.d4 cxd4 5.Nxd4 e6 6.g3 Qb6 7.Ndb5 Ne5 8.Bg2 a6 9.Qa4 Rb8 10.Na3 Bc5 ( {A more or less equal game led to the other retreat of the bishop after} 10...Be7 11.O-O O-O 12.Bf4 d6 13.b4 Qc7 14.Rac1 Ng6 15.Be3 b6 16.Qb3 Bb7 17.f3 Rfc8 18.Rfd1 Ne5 {Lupulescu,C (2643)-Howell,D (2694) Isle of Man 2019} ) 11.O-O O-O 12.Rb1 Qb4 $146 {A novelty. Nepomniachtchi is happy to play an endgame in a Maroczy-bind formation.} ( {An earlier game saw White pressing after} 12...d6 13.b4 Bd4 14.Qb3 Bd7 15.e3 Bxc3 16.Qxc3 Rfc8 17.c5 Qc7 18.Bb2 b6 19.Rfc1 bxc5 20.bxc5 Nd5 21.Qd4 Rxb2 22.Rxb2 dxc5 23.Qd2 c4 {Although the game ended quickly in a draw, my impression is that Black did not have enough for the exchange. Nihal,S (2598)-Rodshtein,M (2699) Brest 2019} ) 13.Qd1 ( {The more forcing line} 13.Qxb4 Bxb4 14.Bf4 d6 15.Ne4 Nxe4 16.Bxe4 Bxa3 17.Bxe5 dxe5 18.bxa3 f5 {was probably well explored in the Russian's opening lab.} ) 13...d6 {The bishop should be defended.} ( {Greediness will be punished in the line} 13...Nxc4 $2 14.Nc2 Qb6 15.Na4 Qc7 16.Nxc5 Qxc5 17.b3 {when White wins material.} ) ( 13...Ba7 14.Bf4 {does not seem fun for Black either.} ) ( {However} 13...Be7 {might be playable.} ) 14.Na4 {Wei wins the bishop pair. It does not seem like a significant achievement yet, but it might become a serious advantage later.} 14...b5 15.Nxc5 Qxc5 16.cxb5 ( {Nothing changes} 16.b4 Qc7 17.cxb5 axb5 18.Qd4 Bd7 ) 16...axb5 17.Bg5 Ba6 ( {The immediate} 17...Bb7 $5 {might have been simpler.} ) 18.Nc2 b4 19.Nd4 Bb7 20.Rc1 Qa5 21.Bxb7 Rxb7 22.Bxf6 gxf6 {This is the maximum that Wei could get out of the opening: a ruined kingside pawn structure around the enemy king. The problem is that it is not that easy to make use of it.} 23.Qb3 Ra8 24.f4 Qa7 25.e3 Nd7 26.Qd1 {This sacrifices the pawn but brings the queen close to the kingside. White is not at risk yet; he can practically force a draw in the next few moves.} 26...Qxa2 27.Qg4+ Kh8 28.Qh5 Kg8 29.Qg4+ Kh8 30.Qh5 Kg8 31.Nb5 {Wei decides to risk.} ( {In hindsight, the three-fold repetition} 31.Qg4+ {is not a bad idea.} ) 31...Rxb5 $1 {Forced but good.} 32.Qxb5 Qxb2 33.Rb1 {Here and on the next move White can never capture anything due to the mating threats:} ( 33.Qxd7 $4 Ra2 ) 33...Qc2 34.Rfc1 {A strange decision. In the developing position only Black can play for the win.} ( {Pawns are poisonous too:} 34.Qxb4 $4 Ra2 ) ( {However, White should have already allowed the perpetual and the point split with} 34.Ra1 Rxa1 35.Rxa1 b3 36.Ra7 b2 37.Rb7 Qc1+ 38.Kf2 Qc2+ 39.Kf3 Qd1+ ) 34...Qd2 35.Qxb4 Qxe3+ 36.Kh1 Ra2 37.Rc8+ Kg7 {The white king is chronically weak, and Nepomniachtchi can play for the win without any risk forever.} 38.Rb2 Qf3+ ( 38...Ra1+ 39.Rb1 Qf3+ 40.Kg1 Ra2 41.Rb2 ) ( {Here and on the next move, strong is} 38...Ra3 $1 {with the idea to transfer the rook to d1 via the d3-square to avoid the blockade of the white rook.} ) 39.Kg1 Qd1+ ( 39...Ra3 $1 ) 40.Kg2 Ra1 41.Qb5 ( 41.Kh3 $5 {at once, keeping all the rooks is interesting as well.} ) 41...f5 {The first move after the time control throws away most of Black's advantage.} ( {The other pawn should have been advanced:} 41...h5 $1 {when White is in big trouble. For example:} 42.Qe2 Qd5+ 43.Kh3 Qf5+ 44.Kg2 h4 $1 {and the inclusion of one extra attacking unit tips the scales in favor of the aggressor.} ) 42.Qe2 Qd5+ 43.Kh3 Nf6 {Nepomniachtchi is slowly bringing his pieces around the enemy king. There is no immediate improvement of the attack, but Wei has no clear way to defend either. The constant doubt and hesitation are skillfully exploited by the Russian GM.} 44.Rbb8 ( {Stronger is to force the black queen back with} 44.Rd2 $1 Qb7 45.Rd8 d5 ) 44...Ra2 45.Rc2 Rxc2 46.Qxc2 Qf3 47.Rb3 Qf1+ 48.Qg2 Qe1 49.Qb2 Kg6 50.Kg2 ( {Here the computer likes the maneuver} 50.Ra3 Nd5 51.Ra2 {to unite the major white pieces.} ) 50...d5 51.Rb8 Qe4+ 52.Kh3 ( 52.Kg1 $5 {seems more reasonable. The impression is that Wei was OK with the position of the king and did not want to change his defensive setup.} ) 52...Qf3 53.Rb3 Qf1+ 54.Qg2 Qe1 55.Qc2 Qf1+ 56.Qg2 Qc4 57.Rb8 ( {More accurate is} 57.Qf3 d4 58.Qd3 Qd5 59.Qf3 ) 57...h6 58.Kh4 {Very, very optimistic.} 58...Qd3 59.Rb2 Ng4 {Nepomniachtchi sticks to his inquisition strategy.} ( {However, this moment is a good one to bring the pawn into motion as the white pieces are not well-organized:} 59...d4 60.Rd2 Qc3 61.Qe2 Ne4 62.Rd3 Qc4 ) 60.Qe2 Qd4 {In the next almost 30 moves seemingly nothing happens. Neither side makes progress, but the slow grinding eventually gives fruits to Black.} 61.Kh3 Qg1 62.Qg2 Qd4 63.Qe2 Qc5 64.Qc2 Qg1 65.Qg2 Qe3 66.Qe2 Qd4 67.Qc2 Ne3 68.Qb3 Nd1 69.Re2 Nf2+ 70.Kg2 Ng4 71.Qb8 Nf6 72.Qb2 Qc5 73.Rc2 Qe3 74.Re2 Qa7 75.Qa2 Qc5 76.Qc2 Qd6 77.Qb2 Ne4 78.Qd4 Qa6 79.Rc2 Nf6 80.Rd2 Qa5 81.Re2 Qa3 82.Qb2 Qa7 83.Qa2 Qd7 84.Qb2 d4 85.Rd2 Qd5+ 86.Kg1 {It is time to change the rhythm of the game.} 86...d3 87.Qe5 $2 {And this immediately brings Nepomniachtchi to victory.} ( {Wei could have still held with} 87.Qa3 $1 Qd4+ 88.Kg2 Qe4+ 89.Kh3 Ng4 90.Qf8 ( {Not} 90.Rxd3 $4 Nf2+ ) 90...Qe3 91.Qg8+ Kf6 92.Ra2 {The rook is threatening mate from the a7-square in case the king wants to run through the center. Therefore, it should all end peacefully after, say:} 92...d2 93.Qh8+ ) 87...Qe4 $1 {The threat of a double attack on e1 leaves White no choice.} 88.Qxe4 fxe4 {But the endgame is hopeless for White.} 89.Kf2 Nd5 90.Ke1 Kf5 91.Rd1 e5 92.Kd2 ( 92.fxe5 Kxe5 {followed by Ke5-d4, and e4-e3 cannot save White either.} ) 92...exf4 93.gxf4 Nxf4 94.Ra1 Ke5 95.Ra6 h5 96.Ra8 f5 {The pawns are unstoppable.} 0-1

[Event "E Grand Prix"]
[Site "Jerusalem, Israel"]
[Date "2019.12.13"]
[Round "3.1"]
[White "Vachier Lagrave, Maxime"]
[Black "Topalov, Veselin"]
[Result "1-0"]
[WhiteElo "2780"]
[BlackElo "2737"]
[EventDate "2019.??.??"]
[Annotator "Bojkov,Dejan"]
[PlyCount "63"]
[Beauty "8246605643781"]
[EventType "game"]
[EventCountry "ISR"]

1.e4 e5 2.Nf3 Nc6 3.Bb5 Nf6 4.O-O Nxe4 5.d4 Nd6 6.Bxc6 dxc6 7.dxe5 Nf5 8.Qxd8+ Kxd8 9.h3 {Vachier-Lagrave is one of the very few top players who is ready to try and break the Berlin endgame wall.} 9...Bd7 ( {Black also had problems to solve in the line:} 9...Be7 10.Nc3 Nh4 11.Rd1+ Ke8 12.Nxh4 Bxh4 13.Ne2 h5 14.Bf4 Be7 15.Nd4 c5 16.Nb5 Bd8 17.Bg5 $1 Bd7 18.Bxd8 Kxd8 19.Rd2 Kc8 20.Nc3 a5 21.Rad1 {in Duda,J (2730)-Giri,A (2780) chess.com INT 2019} ) ( {At the World Cup the French GM had to face the line:} 9...Ne7 10.Nc3 Bd7 11.b3 Ng6 12.Bb2 Kc8 13.Rae1 h6 14.Nd2 Nf4 15.Ne2 {Vachier Lagrave,M (2774) -Jakovenko,D (2681) Khanty-Mansiysk 2019} ) 10.Rd1 Be7 11.g4 Nh4 12.Nxh4 Bxh4 13.Nd2 Kc8 14.Nf3 Be7 15.Bg5 {The swap of the black bishop pair is a common theme in the Berlin. Up to here, all moves have been played in another game between the two.} ( {Four years ago Topalov gained a comfortable position after:} 15.Rd3 h6 16.Kg2 c5 17.Kg3 Re8 18.c4 a5 19.a4 f6 20.exf6 Bxf6 {Vachier Lagrave,M (2788)-Topalov,V (2754) Stavanger 2016} ) 15...Bc5 16.Rd3 {[#]} 16...b6 $146 ( {The predecessor saw:} 16...Be6 17.Be3 Bxe3 18.Rxe3 Kd7 19.Rd1+ Ke7 20.Nd4 Rad8 21.Red3 g6 22.Nxe6 Rxd3 23.Rxd3 Kxe6 24.f4 h5 {Leko,P (2737) -Adams,M (2743) Dortmund 2014} ) 17.Be3 {Insisting on the trade, which Black needs to accept.} 17...Bxe3 ( {As in the line:} 17...Be7 18.Rad1 Be6 19.Nd4 Bd5 20.Nf5 Bf8 21.c4 $1 Bxc4 22.Rd8+ Kb7 23.Rxa8 Kxa8 24.Rd8+ {The pin on the back line is awkward for Black.} ) 18.Rxe3 h6 19.Rd1 c5 20.Nh4 {Now White wants to ramp up with his f-pawn.} 20...g5 {Therefore, Topalov stops this at once, although this is a serious mistake.} ( {A much better endgame to defend is the one arising after:} 20...Be6 21.f4 g5 22.Ng2 gxf4 23.Nxf4 Kb7 {Although here, too, White should be the happier one.} ) 21.Nf5 Bxf5 22.gxf5 {Now Vachier-Lagrave is clearly better. His kingside pawn majority is strongly supported by the rooks. Moreover, the black king is far away from the kingside, and this will lead Black quickly to disaster.} 22...Kb7 {One more inaccuracy.} ( {Black could have achieved a slightly better endgame in comparison to the game with:} 22...Rd8 23.Red3 Rxd3 24.Rxd3 Kb7 25.Kg2 Re8 26.Re3 ) 23.Kg2 Rad8 24.Rxd8 Rxd8 25.Kf3 $1 {The king finds a path into the enemy camp and penetrates there at once.} 25...c4 26.Re4 b5 {It is hard to call this move the decisive mistake because Black was perhaps already lost.} ( {Still he could have tried to defend with:} 26...Kc8 27.Rxc4 ( {The main point behind the king move is that the weaker black piece can block the passer after:} 27.e6 fxe6 28.fxe6 Re8 29.Kg4 Kd8 30.Kh5 Ke7 ) 27...Rd5 {Now the rook tortures the white pawns until White agrees to defend them passively, like in the line:} 28.Ke4 Rd2 29.Ke3 Rd1 30.Ke2 Rd5 31.Re4 {Still it is questionable if Black can survive.} ) 27.Kg4 $1 Kc8 28.e6 fxe6 29.fxe6 Rh8 30.Kf5 Kd8 31.e7+ Ke8 32.Kg6 {Topalov had had enough. He would quickly run into zugzwang.} 1-0

[Event "Grand Chess Tour playoff"]
[Site "London"]
[Date "2019.12.02"]
[Round "1.1"]
[White "Carlsen, Magnus"]
[Black "Vachier Lagrave, Maxime"]
[Result "1/2-1/2"]
[WhiteElo "2870"]
[BlackElo "2777"]
[EventDate "2019.??.??"]
[Annotator "Bojkov,Dejan"]
[PlyCount "63"]
[Beauty "6598814599715"]
[EventType "game"]
[EventCountry "CAN"]

1.e4 c5 2.Nf3 d6 3.d4 cxd4 4.Nxd4 Nf6 5.Nc3 a6 6.Bg5 e6 7.f3 {"I wanted to try something new, get some positions that he is not that familiar with. I think that succeeded fairly well." (Carlsen)} 7...h6 {Asking the bishop to chose a side.} ( {The French GM did not to commit himself early with} 7...b5 {as he had to deal with some unpleasant a2-a4 breaks all the time.} ) 8.Be3 {Carlsen decided to switch back to the English Attack. The only difference in comparison to the main lines is the presence of the black pawn on h6. It is indeed an extra tempo for the second player, but it may quickly turn into liability in case that black castles there and opposite pawn storms take place.} ( {After} 8.Bh4 {Black planned} 8...Be7 {when the typical Classical Sicilian idea Nf6xe4 is always in the air. For example:} 9.Qd2 $2 Nxe4 $1 {(Vachier-Lagrave)} ) 8...b5 9.a3 Nbd7 10.Qd2 Bb7 11.O-O-O h5 {"Let's go back to something I know. Evidently I lost my tempo up. " (Vachier-Lagrave)} ( {After} 11...Be7 {Vachier-Lagrave thought he would need five, six tempos to organize his queenside attack and thought it could be too risky. Although} 12.g4 d5 {seems quite good for Black.} ) 12.Kb1 Be7 ( {The continuation of another grandmaster game was curious:} 12...Rc8 13.h3 h4 14.Bd3 Ne5 15.Rhe1 Be7 16.Bg5 Nc4 17.Bxc4 Rxc4 18.Nb3 Rh5 {when Topalov brought his rook into the game in an unusual way, Mekhitarian,K (2559) -Topalov,V (2760) Caxias do Sul 2016} ) 13.Qe1 Rc8 {Since Black does not want to castle into an attack, it is all about the d6-d5 break now.} 14.Rg1 $146 ( {A predecessor saw Black doing well after} 14.Be2 g6 15.Nb3 d5 16.exd5 Nxd5 17.Bd4 O-O 18.Nxd5 Bxd5 19.Bd3 Bf6 {Aryan,C (2430)-Arribas Lopez,A (2536) Madrid 2015} ) ( {Whereas the preparation of the g2-g4 move with} 14.h3 {is almost always met with} 14...h4 ) 14...Qc7 15.g3 {"I missed this idea." (Vachier-Lagrave)} 15...Ne5 {The first critical moment of the game.} ( {The central break was already possible:} 15...d5 {Then both players calculated:} 16.Bf4 e5 17.exd5 {And now their priorities split:} 17...exf4 {was the move that Vachier-Lagrave prioritized in his calculations:} ( {The world champion spent his time calculating the line:} 17...Nxd5 18.Nxd5 Bxd5 19.Bh3 {and "who knows what's happening." (Carlsen)} ) 18.Nf5 Qe5 19.d6 {"It looks very, very messy." (Vachier-Lagrave). Then:} 19...Bf8 20.Qxe5+ Nxe5 21.Re1 {regains the piece for White with unclear consequences.} ) 16.Rg2 {"I saw this idea. The rook is useful immediately, covering the c2 pawn." (Vachier-Lagrave)} 16...O-O 17.h3 d5 {Mission accomplished. Black starts his own play before the kingside is opened.} 18.f4 Nc4 19.e5 Nxe3 {"I thought it is important I can get his dark-squared bishop." (Vachier-Lagrave)} ( {The other move which MVL considered is also OK for him:} 19...Ne4 $5 20.Nxe4 dxe4 21.Bxc4 Qxc4 22.g4 Bd5 23.Nb3 h4 24.f5 f6 $5 {with interesting complications to follow.} ) 20.Qxe3 Ne4 21.Nxe4 dxe4 22.Re2 {White is winning the pawn, but Black gets a lot of active play along the open files and diagonals.} 22...Bd5 ( {Here strong was} 22...b4 $1 {According to the computers, Black builds strong initiative. For a while Carlsen could not understand why the evaluation is so favorable for the second player, until he spotted that in the line} 23.axb4 Bxb4 24.Bg2 Rfd8 25.Bxe4 ( {Best is the preliminary:} 25.c3 $1 {when anything is possible.} ) 25...Bxe4 26.Qxe4 {Black has the strong move:} 26...Qb6 $1 {The attack in fact might be already winning after:} 27.Rd3 Rc4 28.c3 Bxc3 ) ( {Or the other way:} 22...Rfd8 $1 23.Bg2 b4 ) 23.Bg2 Qc4 24.Nb3 Bc5 25.Nxc5 Qa2+ 26.Kc1 {The culmination of the game. Both sides missed something in their calculations.} 26...Rfd8 {"I played this a bit too fast." (Vachier-Lagrave)} ( {"I completely missed"} 26...Bc4 {(Carlsen) Luckily for him it does not work after:} 27.Nxe4 ( {White has to be careful:} 27.Rf2 $2 {loses after:} 27...Rxc5 $1 28.Qxc5 Qa1+ 29.Kd2 Rd8+ ) 27...Bxe2 28.Qxe2 Qa1+ 29.Kd2 Qxb2 30.Qd3 Rc4 31.Qb3 $1 {and White defends everything with an edge.} ) 27.c4 $1 {"Frankly I thought [this] was just winning. " (Carlsen)} 27...bxc4 28.Red2 {"I thought this is safer, which evidently it is not." (Carlsen)} ( {The only chance to play for the win was related to the move:} 28.Na4 $1 c3 ( 28...Rb8 {"did not seem to be enough." (Vachier-Lagrave) Although White still needs to work very hard to prove his advantage in the line:} 29.Nc3 Qa1+ 30.Kd2 ( 30.Nb1 Rb3 $1 {wins for Black.} ) 30...Bc6+ 31.Ke1 Rxd1+ 32.Nxd1 Rb3 33.Qc5 Bd5 ) ( {However White was not sure about the positions arising after:} 28...Bc6 $1 29.Rxd8+ Rxd8 30.Nc3 Qa1+ 31.Nb1 Rd3 {(Carlsen) Now the only move is} 32.Qg1 $3 {with the idea} 32...c3 33.Qe1 $1 {which is obviously close to impossible to find by a human player.} ) 29.Nxc3 Qa1+ 30.Kc2 Bb3+ ( {The world champion saw the line:} 30...Rxc3+ 31.Qxc3 Bb3+ 32.Kxb3 Qxd1+ 33.Qc2 Qd5+ 34.Qc4 Rb8+ 35.Kc3 {(Carlsen)} ) 31.Kxb3 Rxd1 32.Bxe4 Rb8+ 33.Ka4 {"I thought with this king on a4 I can get some counterplay." (Vachier-Lagrave)} ) 28...Qa1+ {Vachier-Lagrave sensibly decided to force a draw after missing the c2-c4 idea. Often one blunder leads to another.} ( {In the line} 28...Rxc5 29.Qxc5 Rb8 30.Rc2 {the French GM did not see the move} 30...e3 $1 31.Qxe3 Bxg2 {which would have turned the tables in his favor.} ) 29.Kc2 Qa2 30.Kc1 ( {White cannot deviate from the repetition, for example:} 30.Bxe4 Rxc5 $1 31.Rxd5 Qb3+ $1 {and it is Black who wins.} ) ( {Or} 30.Nxe4 $2 c3 $1 {and Black has a decisive attack.} ) ( 30.Rc1 c3 31.Qxc3 Bb3+ $3 32.Nxb3 Rxc3+ 33.Kxc3 Rc8+ {also spells trouble for White.} ) 30...Qa1+ 31.Kc2 Qa2 32.Kc1 1/2-1/2